Krotitelka snů /
Také bojujete s nadváhou, nedostatkem času a neposlušností vlastních dětí? Váš muž si našel milenku, co připomíná tyčku k fazolím a vaše ňadra jsou důkazem, že zemská přitažlivost skutečně existuje? Život vám přistřihl křidýlka a vy netušíte jak dál? Román Simony Monyové Krotitelka snů vám ukáže ces...
Uloženo v:
| Hlavní autor: | |
|---|---|
| Médium: | E-kniha |
| Jazyk: | Czech |
| Vydáno: |
Praha :
BELAMI,
2026
|
| Tagy: |
Žádné tagy |
| LEADER | 01228nam a22002297i 4500 | ||
|---|---|---|---|
| 001 | 313984 | ||
| 007 | ta | ||
| 008 | 260629s2026 xr ||||| |||| 00| 0 cze d | ||
| 020 | |a 9788087166239 | ||
| 044 | |a xr | ||
| 100 | 1 | |a Monyová, Simona |4 aut | |
| 245 | 1 | 0 | |a Krotitelka snů / |c Monyová, Simona |
| 264 | 1 | |a Praha : |b BELAMI, |c 2026 | |
| 300 | |a 1 online zdroj (160 stran) | ||
| 336 | |a text |b txt |2 rdacontent | ||
| 337 | |a bez média |b n |2 rdamedia | ||
| 338 | |a online zdroj |b cr |2 rdacarrier | ||
| 520 | 2 | |a Také bojujete s nadváhou, nedostatkem času a neposlušností vlastních dětí? Váš muž si našel milenku, co připomíná tyčku k fazolím a vaše ňadra jsou důkazem, že zemská přitažlivost skutečně existuje? Život vám přistřihl křidýlka a vy netušíte jak dál? Román Simony Monyové Krotitelka snů vám ukáže cestu. | |
| 910 | |a RBIT002 | ||
| 998 | |d 428040 |a https://core.palmknihy.cz/api/books/428040/cover?th8yam |b https://core.palmknihy.cz/api/books/428040/cover/400?th8yam |c https://core.palmknihy.cz/api/books/428040/cover/50?th8yam |e |g 160 |i 9788087166239 |j https://core.palmknihy.cz/api/books/428040/preview.epub |l |q 49 |r 1 |s https://www.palmknihy.cz/kniha/428040 |t ebook |y 2026 |z 1 | ||
| 999 | |d 313982 | ||